Music Quiz

Random Music or Color Quiz
Score 0/7 Timer 00:45
0 Plays Today
% Correct
Gold
89.8%
Green
84.3%
Lavender
81.9%
Rose
69.3%
Blue
69.3%
Grey
62.2%
Black
57.5%
Remove Ads.
Support Sporcle.
Get the best of Sporcle when you Go Orange. This ad-free experience offers more features, more stats, and more fun while also helping to support Sporcle. Thank you for becoming a member.

You're not logged in!

Compare scores with friends on all Sporcle quizzes.
OR
Log In

Show Comments

Extras

Top Quizzes Today


Score Distribution

Your Account Isn't Verified!

In order to create a playlist on Sporcle, you need to verify the email address you used during registration. Go to your Sporcle Settings to finish the process.

Report this User

Report this user for behavior that violates our Community Guidelines.

Details: